[Event "Mittelfranken-chTB2b 1314"]
[Site "Mittelfranken"]
[Date "2014.05.04"]
[Round "9.6"]
[White "Kipferl, Wolfgang"]
[Black "Hetzner, Helmut"]
[Result "1/2-1/2"]
[WhiteElo "1861"]
[BlackElo "1861"]
[PlyCount "41"]
[EventDate "2013.10.20"]
[EventType "team-tourn"]
[EventRounds "9"]
[EventCountry "GER"]
[SourceTitle "EXT 2020"]
[Source "ChessBase"]
[SourceDate "2019.10.17"]
[SourceVersion "1"]
[SourceVersionDate "2019.10.17"]
[SourceQuality "1"]
[WhiteTeam "Neumarkt"]
[BlackTeam "Muehlhof/Schwabach"]
[WhiteTeamCountry "GER"]
[BlackTeamCountry "GER"]

1. e4 e5 2. Nf3 Nc6 3. Bc4 Bc5 4. 0-0 Nf6 5. Nc3 d6 6. h3 a6 7. d3 h6 8. Be3 Bxe3 9. fxe3 Na5 10. Bb3 Nxb3 11. axb3 0-0 12. d4 Nd7 13. Qe1 c6 14. Qg3 Re8 15. Rad1 Qe7 16. Nh4 Nf6 17. Nf5 Bxf5 18. exf5 exd4 19. exd4 Qe3+ 20. Qxe3 Rxe3 21. Rfe1 1/2-1/2

[Event "Mittelfranken-chTB2b 1314"]
[Site "Mittelfranken"]
[Date "2014.02.16"]
[Round "6.5"]
[White "Bobzin, Johannes"]
[Black "Kipferl, Wolfgang"]
[Result "1-0"]
[WhiteElo "1668"]
[BlackElo "1861"]
[PlyCount "51"]
[EventDate "2013.10.20"]
[EventType "team-tourn"]
[EventRounds "9"]
[EventCountry "GER"]
[SourceTitle "EXT 2020"]
[Source "ChessBase"]
[SourceDate "2019.10.17"]
[SourceVersion "1"]
[SourceVersionDate "2019.10.17"]
[SourceQuality "1"]
[WhiteTeam "Bubenreuth/Moehrendorf"]
[BlackTeam "Neumarkt"]
[WhiteTeamCountry "GER"]
[BlackTeamCountry "GER"]

1. e4 d6 2. d4 g6 3. Nf3 Bg7 4. Be3 Nc6 5. c3 e5 6. d5 Nce7 7. Bc4 h6 8. Nbd2 f5 9. exf5 Nxf5 10. Qc2 Nf6 11. 0-0-0 a6 12. h3 Rg8 13. g4 Ne7 14. Ne4 g5 15. Ng3 Bd7 16. Nxe5 dxe5 17. d6 cxd6 18. Bxg8 Nfxg8 19. Rxd6 Qc7 20. Rhd1 Nf6 21. Nh5 Nfd5 22. Nxg7+ Kf7 23. R1xd5 Nxd5 24. Qg6+ Kf8 25. Rxd5 Qc6 26. Bc5+ 1-0

[Event "Mittelfranken-chTB2b 1314"]
[Site "Mittelfranken"]
[Date "2013.12.01"]
[Round "3.5"]
[White "Kipferl, Wolfgang"]
[Black "Wichmann, Adrian"]
[Result "1/2-1/2"]
[WhiteElo "1861"]
[BlackElo "1973"]
[PlyCount "58"]
[EventDate "2013.10.20"]
[EventType "team-tourn"]
[EventRounds "9"]
[EventCountry "GER"]
[SourceTitle "EXT 2020"]
[Source "ChessBase"]
[SourceDate "2019.10.17"]
[SourceVersion "1"]
[SourceVersionDate "2019.10.17"]
[SourceQuality "1"]
[WhiteTeam "Neumarkt"]
[BlackTeam "Forchheim III"]
[WhiteTeamCountry "GER"]
[BlackTeamCountry "GER"]

1. e4 c5 2. Nf3 g6 3. d4 cxd4 4. Nxd4 Nc6 5. Be3 Bg7 6. Be2 Nf6 7. Nd2 0-0 8. c4 d6 9. 0-0 Nd7 10. N2b3 Nxd4 11. Nxd4 Nc5 12. f3 Ne6 13. Nxe6 Bxe6 14. Qa4 b6 15. Rab1 Qc7 16. b4 Bxc4 17. Rfc1 b5 18. Bxc4 bxc4 19. b5 c3 20. Bd4 Bxd4+ 21. Qxd4 Qb6 22. Qxb6 axb6 23. Rxc3 Rxa2 24. Rc7 Re8 25. h3 Kf8 26. Rd1 Rb2 27. Rd5 Ra8 28. e5 dxe5 29. Rdd7 Re8 1/2-1/2

[Event "Mittelfranken-chTB2b 1112"]
[Site "Germany"]
[Date "2012.03.11"]
[Round "8.3"]
[White "Kipferl, Wolfgang"]
[Black "Greul, Hans"]
[Result "1/2-1/2"]
[WhiteElo "1825"]
[BlackElo "1985"]
[PlyCount "39"]
[EventDate "2011.09.25"]
[EventType "team-tourn"]
[EventRounds "9"]
[EventCountry "GER"]
[SourceTitle "EXT 2018"]
[Source "ChessBase"]
[SourceDate "2017.10.13"]
[SourceVersion "1"]
[SourceVersionDate "2017.10.13"]
[SourceQuality "1"]
[WhiteTeam "Neumarkt"]
[BlackTeam "Muehlhof/Schwabach"]
[WhiteTeamCountry "GER"]
[BlackTeamCountry "GER"]

1. e4 e6 2. d4 d5 3. exd5 exd5 4. Bd3 Bd6 5. h3 Ne7 6. Nc3 c6 7. Nf3 h6 8. 0-0 0-0 9. Ne2 Bf5 10. Bf4 Bxf4 11. Nxf4 Qd6 12. Bxf5 Qxf4 13. Bd3 Nd7 14. Re1 Rae8 15. c3 Nc8 16. Qd2 Qxd2 17. Nxd2 Nd6 18. Kf1 Nf6 19. Rxe8 Rxe8 20. Re1 1/2-1/2

[Event "Mittelfranken-chTB2b 1011"]
[Site "Germany"]
[Date "2010.09.26"]
[Round "1.2"]
[White "Kipferl, Wolfgang"]
[Black "Herbst, Thomas"]
[Result "1/2-1/2"]
[WhiteElo "1879"]
[BlackElo "1872"]
[PlyCount "64"]
[EventDate "2010.09.26"]
[EventType "team-tourn"]
[EventRounds "9"]
[EventCountry "GER"]
[SourceTitle "EXT 2012"]
[Source "ChessBase"]
[SourceDate "2011.11.24"]
[SourceVersion "1"]
[SourceVersionDate "2011.11.24"]
[SourceQuality "1"]
[WhiteTeam "Neumarkt"]
[BlackTeam "Nuernberg SK 1911 II"]
[WhiteTeamCountry "GER"]
[BlackTeamCountry "GER"]

1. e4 e5 2. Nf3 Nf6 3. Nxe5 d6 4. Nf3 Nxe4 5. d4 d5 6. Bf4 Be7 7. Bd3 Bg4 8. h3 Bh5 9. Qe2 Nf6 10. Nc3 c6 11. g4 Bg6 12. Ne5 Bxd3 13. Qxd3 Nbd7 14. 0-0-0 0-0 15. Rhg1 Re8 16. h4 Bd6 17. Rde1 Qc7 18. Qf5 Re7 19. Bh2 Rae8 20. f4 Ne4 21. g5 Nxc3 22. bxc3 Bxe5 23. fxe5 Qa5 24. Kd2 Nb6 25. Rgf1 Nc4+ 26. Kd3 Qa6 27. Qf4 Nxe5+ 28. Kd2 Nc4+ 29. Kd1 Nb2+ 30. Kd2 Nc4+ 31. Kd1 Nb2+ 32. Kd2 Nc4+ 1/2-1/2

[Event "Mittelfranken-chTB2b 0910"]
[Site "Mittelfranken"]
[Date "2010.04.18"]
[Round "9.4"]
[White "Hetzner, Helmut"]
[Black "Kipferl, Wolfgang"]
[Result "0-1"]
[WhiteElo "1826"]
[BlackElo "1856"]
[PlyCount "98"]
[EventDate "2009.10.11"]
[EventType "team-tourn"]
[EventRounds "9"]
[EventCountry "GER"]
[SourceTitle "EXT 2011"]
[Source "ChessBase"]
[SourceDate "2010.11.26"]
[SourceVersion "1"]
[SourceVersionDate "2010.11.26"]
[SourceQuality "1"]
[WhiteTeam "Schwabach"]
[BlackTeam "Neumarkt"]
[WhiteTeamCountry "GER"]
[BlackTeamCountry "GER"]

1. e4 d6 2. d4 g6 3. f4 Bg7 4. Nf3 c5 5. d5 Nf6 6. Nc3 Bg4 7. h3 Bxf3 8. Qxf3 Nbd7 9. Be2 a6 10. a4 0-0 11. 0-0 Rc8 12. a5 e6 13. dxe6 fxe6 14. Bc4 Qe7 15. g4 Ne8 16. Be3 Bd4 17. Rad1 Ne5 18. fxe5 Rxf3 19. Rxf3 Bxe5 20. Bh6 Bg7 21. g5 Nc7 22. Rdf1 Rd8 23. Bxg7 Kxg7 24. Rf6 d5 25. Be2 Ne8 26. Bg4 Rd6 27. e5 Rc6 28. h4 Kg8 29. R6f4 Ng7 30. Rf6 Rc7 31. Ne2 d4 32. Nf4 c4 33. Bxe6+ Nxe6 34. Rxe6 Qd7 35. Kh2 Rc6 36. Rf6 Rxf6 37. gxf6 Qf5 38. h5 Qxe5 39. hxg6 hxg6 40. Kg2 Qxf6 41. Rf2 Qe5 42. Nxg6 Qe4+ 43. Kh2 Qxg6 44. Rg2 Kf7 45. Rxg6 Kxg6 46. Kg3 Kf5 47. Kf3 Ke5 48. b3 cxb3 49. cxb3 Kd5 0-1

[Event "Mittelfranken-chTB2b 0809"]
[Site "Mittelfranken"]
[Date "2009.04.26"]
[Round "9.3"]
[White "Kipferl, Wolfgang"]
[Black "Ziegler, Peter"]
[Result "1/2-1/2"]
[WhiteElo "1885"]
[BlackElo "1849"]
[PlyCount "23"]
[EventDate "2008.10.12"]
[EventType "team"]
[EventRounds "9"]
[EventCountry "GER"]
[SourceTitle "EXT 2011"]
[Source "ChessBase"]
[SourceDate "2010.11.26"]
[SourceVersion "1"]
[SourceVersionDate "2010.11.26"]
[SourceQuality "1"]
[WhiteTeam "Neumarkt"]
[BlackTeam "Nuernberg Zabo"]
[WhiteTeamCountry "GER"]
[BlackTeamCountry "GER"]

1. e4 e6 2. d4 d5 3. exd5 exd5 4. Bd3 Nc6 5. c3 Bd6 6. Nf3 Nge7 7. Bg5 f6 8. Bh4 Bg4 9. Nbd2 Qd7 10. Qc2 Qe6+ 11. Kd1 0-0-0 12. h3 1/2-1/2

[Event "Mittelfranken-chTB2b 0809"]
[Site "Mittelfranken"]
[Date "2009.01.25"]
[Round "5.2"]
[White "Kroneder, Christian"]
[Black "Kipferl, Wolfgang"]
[Result "1/2-1/2"]
[WhiteElo "2019"]
[BlackElo "1885"]
[PlyCount "55"]
[EventDate "2008.10.12"]
[EventType "team"]
[EventRounds "9"]
[EventCountry "GER"]
[SourceTitle "EXT 2011"]
[Source "ChessBase"]
[SourceDate "2010.11.26"]
[SourceVersion "1"]
[SourceVersionDate "2010.11.26"]
[SourceQuality "1"]
[WhiteTeam "Schwanstetten"]
[BlackTeam "Neumarkt"]
[WhiteTeamCountry "GER"]
[BlackTeamCountry "GER"]

1. Nf3 d5 2. d4 Nf6 3. c4 c6 4. Nc3 e6 5. Bg5 Nbd7 6. e3 Be7 7. Bd3 h6 8. Bh4 0-0 9. 0-0 c5 10. Rc1 b6 11. cxd5 Nxd5 12. Bxe7 Nxe7 13. Bb1 Bb7 14. Qd3 g6 15. Ne4 cxd4 16. exd4 Nf5 17. Rfd1 Rc8 18. Rxc8 Qxc8 19. Ne5 Nxe5 20. dxe5 Bxe4 21. Qxe4 Rd8 22. Rxd8+ Qxd8 23. h3 Qd1+ 24. Kh2 Nd4 25. Bd3 Nf5 26. Qa8+ Kg7 27. Qd8 Qd2 28. Qf6+ 1/2-1/2

[Event "Mittelfranken-chTB2b 0809"]
[Site "Mittelfranken"]
[Date "2008.12.07"]
[Round "3.3"]
[White "Kipferl, Wolfgang"]
[Black "Strobl, Thomas"]
[Result "1/2-1/2"]
[WhiteElo "1885"]
[BlackElo "1632"]
[PlyCount "26"]
[EventDate "2008.10.12"]
[EventType "team"]
[EventRounds "9"]
[EventCountry "GER"]
[SourceTitle "EXT 2011"]
[Source "ChessBase"]
[SourceDate "2010.11.26"]
[SourceVersion "1"]
[SourceVersionDate "2010.11.26"]
[SourceQuality "1"]
[WhiteTeam "Neumarkt"]
[BlackTeam "Gunzenhausen/Weissenburg II"]
[WhiteTeamCountry "GER"]
[BlackTeamCountry "GER"]

1. e4 e5 2. Nf3 Nc6 3. d4 exd4 4. Nxd4 Nxd4 5. Qxd4 d6 6. Nc3 Be6 7. Be2 Nf6 8. h3 Be7 9. Be3 0-0 10. 0-0-0 c6 11. f4 Qb6 12. Qd3 Qa5 13. b3 d5 1/2-1/2

[Event "Mittelfrankenliga-B2a 0708"]
[Site "Mittelfranken"]
[Date "2008.04.27"]
[Round "9.2"]
[White "Kipferl, Wolfgang"]
[Black "Kuhlmann, Christoph"]
[Result "0-1"]
[WhiteElo "1885"]
[BlackElo "2084"]
[PlyCount "54"]
[EventDate "2007.10.14"]
[EventType "team-tourn"]
[EventRounds "9"]
[EventCountry "GER"]
[SourceTitle "EXT 2011"]
[Source "ChessBase"]
[SourceDate "2010.11.26"]
[SourceVersion "1"]
[SourceVersionDate "2010.11.26"]
[SourceQuality "1"]
[WhiteTeam "Neumarkt"]
[BlackTeam "Lauf"]
[WhiteTeamCountry "GER"]
[BlackTeamCountry "GER"]

1. e4 d6 2. d4 Nf6 3. Bd3 e5 4. d5 g6 5. Ne2 Nbd7 6. f3 Bg7 7. Be3 0-0 8. Qd2 a5 9. c4 Nc5 10. Nbc3 Nxd3+ 11. Qxd3 Nd7 12. Na4 b6 13. 0-0 f5 14. a3 Nf6 15. Nec3 Bd7 16. b4 Bxa4 17. Nxa4 fxe4 18. fxe4 axb4 19. axb4 Ng4 20. Rxf8+ Bxf8 21. h3 Nxe3 22. Qxe3 Qh4 23. Ra3 Bh6 24. Qe2 Qf4 25. Ra2 Qc1+ 26. Kh2 Be3 27. Nc3 Bg1+ 0-1

[Event "Mittelfrankenliga-B2a 0708"]
[Site "Mittelfranken"]
[Date "2008.03.02"]
[Round "7.2"]
[White "Laibold, Lorenz"]
[Black "Kipferl, Wolfgang"]
[Result "1-0"]
[WhiteElo "1830"]
[BlackElo "1885"]
[PlyCount "55"]
[EventDate "2007.10.14"]
[EventType "team-tourn"]
[EventRounds "9"]
[EventCountry "GER"]
[SourceTitle "EXT 2011"]
[Source "ChessBase"]
[SourceDate "2010.11.26"]
[SourceVersion "1"]
[SourceVersionDate "2010.11.26"]
[SourceQuality "1"]
[WhiteTeam "Eckental"]
[BlackTeam "Neumarkt"]
[WhiteTeamCountry "GER"]
[BlackTeamCountry "GER"]

1. e4 d6 2. d4 g6 3. Nf3 Bg7 4. Bc4 Nc6 5. c3 e5 6. Ng5 Nh6 7. Be3 f6 8. Ne6 Bxe6 9. Bxe6 Qe7 10. Bd5 Nd8 11. dxe5 fxe5 12. Na3 Nhf7 13. Qd3 0-0 14. 0-0-0 c6 15. Bb3 b5 16. Qxd6 Bf6 17. Nc2 Kg7 18. Qxe7 Bxe7 19. Rd7 Re8 20. Bxa7 c5 21. Bd5 Rc8 22. Ne3 c4 23. Bxf7 Nxf7 24. Nd5 Kf8 25. Nc7 Bg5+ 26. Kc2 Re7 27. Rxe7 Kxe7 28. Nxb5 1-0

[Event "Mittelfrankenliga-B2a 0708"]
[Site "Mittelfranken"]
[Date "2007.10.14"]
[Round "1.3"]
[White "Kipferl, Wolfgang"]
[Black "Walther, Reinhard"]
[Result "1-0"]
[WhiteElo "1885"]
[BlackElo "1887"]
[PlyCount "65"]
[EventDate "2007.10.14"]
[EventType "team-tourn"]
[EventRounds "9"]
[EventCountry "GER"]
[SourceTitle "EXT 2011"]
[Source "ChessBase"]
[SourceDate "2010.11.26"]
[SourceVersion "1"]
[SourceVersionDate "2010.11.26"]
[SourceQuality "1"]
[WhiteTeam "Neumarkt"]
[BlackTeam "Herzogenaurach"]
[WhiteTeamCountry "GER"]
[BlackTeamCountry "GER"]

1. e4 d6 2. d4 Nf6 3. Bd3 e5 4. d5 c6 5. c4 cxd5 6. cxd5 Nbd7 7. Nc3 Nc5 8. Bc2 Qb6 9. h3 Bd7 10. Nge2 Rc8 11. 0-0 Be7 12. a3 a5 13. Rb1 0-0 14. Be3 Qc7 15. b4 axb4 16. axb4 Na6 17. Bd3 Ra8 18. Qb3 Rfc8 19. f3 Qd8 20. Rfc1 Qe8 21. Ra1 Nc7 22. Ra5 Bd8 23. Rca1 Na6 24. Bxa6 bxa6 25. Rxa6 Rxa6 26. Rxa6 Bb5 27. Ra7 Bxe2 28. Nxe2 Qb5 29. Ra2 Nd7 30. Qa4 Qd3 31. Qxd7 Qxe3+ 32. Kh2 Rb8 33. Qe8# 1-0

[Event "Mittelfrankenliga-B2a 0506"]
[Site "Germany"]
[Date "2006.03.19"]
[Round "7.5"]
[White "Kipferl, Wolfgang"]
[Black "Gueldner, Udo"]
[Result "1-0"]
[WhiteElo "1832"]
[BlackElo "1746"]
[PlyCount "93"]
[EventDate "2005.10.16"]
[EventType "team-tourn"]
[EventRounds "9"]
[EventCountry "GER"]
[SourceTitle "EXT 2007"]
[Source "ChessBase"]
[SourceDate "2006.11.23"]
[SourceVersion "1"]
[SourceVersionDate "2006.11.23"]
[SourceQuality "1"]

1. e4 c6 2. d4 d5 3. exd5 cxd5 4. Bf4 e6 5. Nf3 Nf6 6. Bd3 Nc6 7. 0-0 Bd6 8. Qd2 Bxf4 9. Qxf4 Nb4 10. Rd1 Bd7 11. Na3 Rc8 12. Nb5 0-0 13. Na3 Qb6 14. Qc1 Rc7 15. c3 Nxd3 16. Rxd3 Bb5 17. Nxb5 Qxb5 18. Re3 Ne4 19. Nd2 f5 20. f3 Nxd2 21. Qxd2 Rf6 22. Rae1 Kf7 23. Re5 Rc6 24. R1e2 Qc4 25. a3 b5 26. Qg5 h6 27. Qh5+ Kf8 28. g4 fxg4 29. Qxg4 Qd3 30. Kf2 Qg6 31. Qh4 Kf7 32. Qh3 a5 33. Qf1 b4 34. axb4 axb4 35. Qa1 bxc3 36. Qa7+ Kg8 37. Qa8+ Kh7 38. Qxc6 cxb2 39. Rxb2 Qd3 40. Re3 Qxd4 41. Qc2+ Rf5 42. Qd2 Qh4+ 43. Kg2 Rg5+ 44. Kh1 Qh3 45. Qd3+ Rg6 46. f4 Qh5 47. Rg2 1-0

[Event "Mittelfrankenliga-B2a 0506"]
[Site "Germany"]
[Date "2006.02.12"]
[Round "6.5"]
[White "Bauer, Klaus"]
[Black "Kipferl, Wolfgang"]
[Result "0-1"]
[WhiteElo "1798"]
[BlackElo "1832"]
[PlyCount "70"]
[EventDate "2005.10.16"]
[EventType "team-tourn"]
[EventRounds "9"]
[EventCountry "GER"]
[SourceTitle "EXT 2007"]
[Source "ChessBase"]
[SourceDate "2006.11.23"]
[SourceVersion "1"]
[SourceVersionDate "2006.11.23"]
[SourceQuality "1"]

1. e4 d6 2. d4 g6 3. Nf3 Bg7 4. Be3 Nc6 5. Bc4 h6 6. c3 Nf6 7. Nbd2 0-0 8. Qc2 Ng4 9. 0-0-0 e5 10. Nb3 Nxe3 11. fxe3 a6 12. Rhf1 Qe7 13. Qf2 Nd8 14. d5 c6 15. dxc6 bxc6 16. Nh4 Be6 17. Bxe6 Nxe6 18. Nf3 Rfb8 19. Rd2 a5 20. Qh4 Bf8 21. Qxe7 Bxe7 22. Rdf2 Rb7 23. Nfd2 a4 24. Na1 Bg5 25. Rf3 Nc5 26. Kc2 d5 27. exd5 cxd5 28. Re1 f5 29. Rf2 e4 30. Rfe2 Rc8 31. g3 Nd3 32. Rb1 Nb4+ 33. Kd1 Nxa2 34. Ke1 a3 35. Nf1 Nxc3 0-1

[Event "Mittelfranken-chT 0405"]
[Site "Germany"]
[Date "2005.01.23"]
[Round "5.5"]
[White "Leuschner, Guenter"]
[Black "Kipferl, Wolfgang"]
[Result "0-1"]
[WhiteElo "1780"]
[BlackElo "1838"]
[PlyCount "120"]
[EventDate "2004.10.17"]
[EventType "team-tourn"]
[EventRounds "9"]
[EventCountry "GER"]
[SourceTitle "EXT 2007"]
[Source "ChessBase"]
[SourceDate "2006.11.23"]
[SourceVersion "1"]
[SourceVersionDate "2006.11.23"]
[SourceQuality "1"]

1. d4 d6 2. e4 g6 3. Nf3 Bg7 4. Bc4 Nc6 5. c3 e5 6. Qb3 Qe7 7. d5 Nd8 8. Be3 h6 9. Bb5+ c6 10. dxc6 bxc6 11. Be2 Be6 12. c4 Nf6 13. Nc3 0-0 14. 0-0 Ng4 15. Bd2 f5 16. h3 fxe4 17. Nxe4 Nf6 18. Ng3 Nd7 19. Qc2 Bf5 20. Nxf5 gxf5 21. Rad1 Ne6 22. b4 e4 23. Bxh6 exf3 24. Bxg7 fxe2 25. Qxe2 Kxg7 26. Rd3 Ne5 27. Rg3+ Ng6 28. Re1 Rae8 29. Qf3 Qd7 30. Rd1 c5 31. bxc5 Nxc5 32. Qd5 Ne4 33. Qd4+ Rf6 34. Ra3 Re7 35. Kh2 Qc7 36. Kg1 Qc5 37. Qb2 Ne5 38. Ra6 Nxc4 39. Qe2 Qxf2+ 40. Qxf2 Nxf2 41. Kxf2 Rd7 42. Rc6 Nb6 43. Rd4 d5 44. Rc5 Re6 45. Rd2 Kf6 46. Kf3 d4 47. g4 Re3+ 48. Kf2 Rxh3 49. Rxf5+ Kg6 50. Kg2 Rc3 51. Rf4 d3 52. Kf3 Rc2 53. Rd1 Nc4 54. a4 d2 55. Ke2 Nb2 56. a5 Nxd1 57. Rf6+ Kxf6 58. g5+ Kxg5 59. a6 Nc3+ 60. Ke3 Re7+ 0-1

[Event "Nuremberg Zabo op 03rd"]
[Site "Nuremberg"]
[Date "2001.09.23"]
[Round "4"]
[White "Kipferl, Wolfgang"]
[Black "Weissmann, Peter"]
[Result "1-0"]
[WhiteElo "1888"]
[BlackElo "1720"]
[PlyCount "121"]
[EventDate "2001.09.21"]
[EventType "swiss"]
[EventRounds "5"]
[EventCountry "GER"]
[SourceTitle "EXT 2003"]
[Source "ChessBase"]
[SourceDate "2002.11.25"]
[SourceVersion "1"]
[SourceVersionDate "2002.11.25"]
[SourceQuality "1"]

1. e4 c5 2. Nc3 Nc6 3. f4 d6 4. Nf3 Bg4 5. Be2 Bxf3 6. Bxf3 g6 7. d3 Bg7 8. 0-0 e6 9. Be3 Nge7 10. Rb1 Rb8 11. Ne2 0-0 12. c3 b5 13. d4 cxd4 14. Nxd4 Nxd4 15. Bxd4 Bxd4+ 16. Qxd4 Qb6 17. Rfd1 Rfd8 18. Qxb6 Rxb6 19. Rd2 Kf8 20. Rbd1 Nc8 21. g4 Ke7 22. Kf2 Rc6 23. Be2 a6 24. Rd4 Nb6 25. Kg3 Nc4 26. b3 Ne3 27. R1d2 Rxc3 28. R4d3 Rdc8 29. Kf2 Rxd3 30. Rxd3 Nc2 31. Bf1 Nb4 32. Rd2 Rc2 33. Rxc2 Nxc2 34. Bd3 Nb4 35. Bb1 Nc6 36. Ke3 e5 37. fxe5 dxe5 38. a3 h6 39. Bd3 Nd4 40. b4 Ne6 41. a4 Nd4 42. axb5 axb5 43. Kd2 Kd6 44. Ke3 Kc6 45. Kd2 Kb6 46. Kc3 Nf3 47. Be2 Ne1 48. Bf1 Nf3 49. Be2 Ng1 50. Bf1 h5 51. gxh5 gxh5 52. Kd3 h4 53. Ke3 Kc6 54. Kf2 f5 55. exf5 e4 56. Kxg1 Kd5 57. Kf2 Ke5 58. Bh3 Kd4 59. f6 Kd3 60. Bf1+ Kd2 61. Be2 1-0